000 00704nam a2200217Ii 4500
003 JO-AjNU
008 230606s9999||||xx |||||||||||||| ||und||
020 _a978-0-13-518039-6
040 _aJO-AjNU
_beng
_erda
_cJO-AjNU
041 _aeng
050 1 4 _aQA76.73.2019
100 3 _aClaise, Benoit, Joe clake, Jan Lindblad,
_eauthor
_96747
245 0 0 _aNetwork Programmability with YANG: The Structure of Network Automation With YANG, NETCONF, RESTCONF, and gNMI
250 _a1ed
264 3 1 _aUSA: Pearson Addison Wesley, 2019
300 _a487p
336 _atext
_btxt
_2rdacontent
337 _aunmediated
_bn
_2rdamedia
338 _avolume
_bnc
_2rdacarrier
650 4 _aProgrammapility
_96748
999 _aE3504
_c3497
_d3497